000 01000nam0a22002531 4500
001 rc\279318
005 20030307120622.8
035 _a(NLR Aleph) 005506706
090 _a5362792
_c5362792
100 _a20030307d1990 u |0rusy50 ca
101 0 _arus
102 _aRU
105 _aa |||||||||
200 1 _aМОДЕЛИРОВАНИЕ и управление горнотехнологическими процессами
_eСб. студ. науч. тр. фак. АИ
_fГос. ком. СССР по нар. образованию, Моск. горн. ин-т
_g[Редкол.: Г.Б. Петерс (отв. ред.) и др.]
210 _aМ.
_cМГИ
_d1990 (обл. 1991)
215 _a43 с.
_cил.
_d20
320 _aБиблиогр. в конце ст.
702 1 _aПетерс
_bГ. Б.
_4340
712 0 2 _aМосковский горный ин-т
_3RU\NLR\AUTH\884033
801 0 _aRU
_bNLR
_gpsbo
801 1 _aRU
_bELAR
_2rusmarc
852 _aNLR
_j91-4/15464
942 _cBOOK
980 _aNB